• 首页
  • 本馆介绍
  • 公告通知
  • 最新文献
  • 馆藏检索
  • 电子资源
  • 读者导购
  • 参考咨询
  • 我的图书馆
  • 登录
  • 详细信息显示
  • 放入我的书架
  • 预约/预借图书
  • 作者相关作品
  • 分类相关作品
  • 丛书相关作品
  • 出版社相关作品

书目信息

  • 表格格式
  • 工作单格式
  • 卡片格式
题名:
列宁教育文集
    
 
作者: ;华东师范大学《列宁教育文集》编辑组 编
分册: 上卷  
出版信息: 北京   人民教育出版社  1984
页数: 377页
开本: 21cm
丛书名:
单 册:
中图分类: A267
科图分类:
主题词: 教育理论-列宁著作 , 列宁著作-教育理论
电子资源:
ISBN:
000 00827nam0 2200241 45
001 0184010178
005 20051231165147.54
010    @b精装@dCNY2.65
091    @a7012.0827
100    @a19950320f1984 mk y0chiy0121 ea
101 0  @achi
102    @aCN@b110000
105    @ay z 000yy
200 10 @a列宁教育文集@Alie ning jiao yu wen ji@h上卷@f华东师范大学《列宁教育文集》编辑组编@Fhua dong shi fan da xue《lie ning jiao yu wen ji》bian ji zu bian
210    @a北京@c人民教育出版社@d1984
215    @a377页@d21cm
606    @a教育理论-列宁著作
606    @a列宁著作-教育理论
690    @aA267@v3
711  0 @a华东师范大学《列宁教育文集》编辑组@Ahua dong shi fan da xue《lie ning jiao yu wen ji》bian ji zu@4编
801  2 @aCN@bNLC@c20051231
801  0 @aCN@b上海图书馆@c20040420
905    @f2@b202580-581@dA267@e28:1
    
    列宁教育文集.上卷/华东师范大学《列宁教育文集》编辑组编.-北京:人民教育出版社,1984
    377页;21cm
    
    
    ISBN (精装):CNY2.65
    
●
相关链接 在E读中查询图书 在五车中查询图书 在当当中查询图书 在豆瓣中查询图书


正题名:列宁教育文集     索取号:A267/28:1         预约/预借

序号 登录号 条形码 馆藏地/架位号 状态 备注
1 0202580   000950144   第一借阅区/ [索取号:A267/28:1] 在馆    
2 0202581   000950064   第一样本阅览室/ [索取号:A267/28:1] 在馆    
3 0202582   202175074   密集书库/ [索取号:A267/28:1] 在馆    
唐山师范学院图书馆 欢迎您!
大连网信软件有限公司© 版权所有